ระบบห้องสมุดอัตโนมัติ วพบ.ชัยนาท
Union Library Management V6
เปลี่ยนเป็นภาษาไทย

Change to English
 แสดงรายละเอียดบรรณานุกรม
  กลับหน้าหลัก

Brief Record : Get Marc (ISO 2709) : E-mail record : QR code ปิดหน้าต่าง
E-books : เกี่ยวกับ Collections
LEADER 00000nam 2200000uu 4500
001    13399112409
003     ULIBM
008    260409s2568||||th 000 0 tha d
020    ^aa9786161634889
082 0   ^aWY101^bส747อ 2568 ล.1
110 2  ^aมหาวิทยาลัยสุโขทัยธรรมาธิราช^bสาขาวิชาพยาบาลศาสตร์
245 ^a ^a1111^bConcept, nursing theory and nursing process /
246 3   ^aมโนมติทฤษฎีการพยาบาลและกระบวนการพยาบาล 1
246 3   ^aConcept, nursing theory and nursing process 1
250    ^aพิมพ์ครั้งที่ 1
300    ^aเล่ม 1 ; ^c26 ซม.
505 2  ^aสารบัญ : หน่วยที่ 1 การพยาบาลกับความเป็นวิชาชีพ--หน่วยที่ 2 พัฒนาการของวิชาชีพการพยาบาล --หน่วยที่ 3 องค์กรวิชาชีพทางการพยาบาล --หน่วยที่ 4 จรรยาบรรณวิชาชีพ กฎหมายที่เกี่ยวข้องกับการประกอบวิชาชีพการพยาบาลและการผดุงครรภ์ --หน่วยที่ 5 ระบบสุขภาพและปัจจัยที่มีผลต่อวิชาชีพการพยาบาล --หน่วยที่ 6 ความรู้ทางการพยาบาลและกระบวนการพยาบาล --หน่วยที่ 7 ทฤษฎีการพยาบาล 1 --หน่วยที่ 8 ทฤษฎีการพยาบาล 2
650  4 ^aทฤษฎีการพยาบาล
650  4 ^aการพยาบาลครอบครัว
999     ^aกงใจ ไชยทองดี
รายการนี้ยังไม่มีแท็ก
คุณยังไม่ได้ล็อกอิน คุณสามารถมีกิจกรรมร่วมกับเว็บไซต์ได้ แต่ต้องล็อกอินก่อน ::
  ล็อกอิน
ลำดับที่ ประเภท เลขเรียก/บาร์โค้ด สถานที่ สถานะ
1. หนังสือ
หนังสือ
WY101 ส747อ 2568 ล.1 2568 c.1 
  Barcode: 53933
ห้องสมุด วพบ.ชัยนาท
►หนังสือทั่วไป
On Shelf
   [แสดง 1/1 รายการ]

รายการใกล้เคียง
    หัวเรื่อง [ทฤษฎีการพยาบาล]
    หัวเรื่อง [การพยาบาลครอบครัว]

BibComment


ยังไม่เคยถูกคอมเมนท์

คอมเมนท์ทรัพยากรรายการนี้
  คอมเมนท์: เอกสารการสอนชุดว..
Bib 13399112409

 
 
 

 Union Library Management : ULibM
Copyright 2026. All Rights Reserved.